| 000 | 00707nam a22002417a 4500 | ||
|---|---|---|---|
| 003 | UA-OsUOA | ||
| 001 | 22091 | ||
| 007 | ta | ||
| 008 | 20031216b un ||||| |||| 00| 0 ukr d | ||
| 100 | _aДмитриев С.С. | ||
| 090 |
_a008(091)(470)"654" _bД53 |
||
| 942 | _cBK | ||
| 040 |
_aUA-OsUOA _brus _cUA-OsUOA _dUA-OsUOA |
||
| 245 |
_aОчерки истории русской культуры начала ХХ века _bКнига для учителя |
||
| 300 |
_a256 с. _bІлюстрації |
||
| 955 | _a0 | ||
| 041 | _arus | ||
| 080 | _a008(091)(470)"654" | ||
| 260 |
_aМосква _bПросвещения _c1985 |
||
| 044 | _aRU | ||
| 650 | 7 | _2UDC | |
| 999 |
_c308304 _d308304 |
||